Úřední list Protektorátu Čechy a Morava

Na minha lista:
Detalhes bibliográficos
Formato: Periódico
Idioma:tcheco
Publicado em: Praha Ministerstvo vnitra
Tags: Adicionar Tag
Sem tags, seja o primeiro a adicionar uma tag!

MARC

LEADER 00000nas1a2200000$$$4500
001 0012698
005 20250730114820.4
041 0 |a cze 
044 |a CZ 
245 1 0 |a Úřední list Protektorátu Čechy a Morava 
264 1 |a Praha  |b Ministerstvo vnitra 
500 |a Od r. 1945 vychádza pod názvom Úřední list Československé republiky